Arany János szobráért
Elmentve itt :
| Szerző: | |
|---|---|
| Adatforrás: | Meister |
| Forrásdokumentuma: | Helikon. - 4 sz., 1992, 1 p. |
| Nyelv: | magyar |
| Kulcsszavak: | intézménytörténet kulturális intézmények Arany János Művelődési Egyesület (AJME) |
| LEADER | 00399nab a2200145 i 4500 | ||
|---|---|---|---|
| 001 | bibPRO00009400 | ||
| 008 | 060524s1992 xx hun | ||
| 040 | |a Sz1 | ||
| 041 | |a hun | ||
| 100 | 1 | |a ZZZ | |
| 245 | 1 | 0 | |a Arany János szobráért |c ZZZ |
| 695 | |a intézménytörténet | ||
| 695 | |a kulturális intézmények | ||
| 695 | |a Arany János Művelődési Egyesület (AJME) | ||
| 773 | 0 | |t Helikon. - |g 4 sz., 1992, 1 p. | |